000 00642nam a2200193 i 4500
001 50645
003 ES-MaACL
005 20250823051516.0
007 t|
008 030806s1960 sp ||||1| gao d
100 1 _aCunqueiro, Álvaro,
_d1911-1981
_942188
245 1 0 _aEscola de menciñeiros e fabula de varia xente /
_cAlvaro Cunqueiro ; prólogo de Domingo García-Sabell ; ilustraciones de Ribas.
260 _a[Vigo] :
_bGalaxia,
_c[1960]
300 _a158 p. ;
_c19 cm.
700 1 _aGarcía-Sabell, Domingo,
_d1909-2003
_955245
700 1 _aRibas.
_996716
852 _aES-MaACL
_jC-18289
_bR.46561
999 _c50645
_d50645